| 000 | 00611nam a2200193 i 4500 | ||
|---|---|---|---|
| 001 | 77014 | ||
| 003 | ES-MaACL | ||
| 005 | 20230906173041.0 | ||
| 007 | t| | ||
| 008 | 041006s1935 fr ||||1| fre d | ||
| 100 | 1 |
_aGuyenot, Emile. _961266 |
|
| 245 | 1 | 3 |
_aLa determination du sexe et l'hérédité / _cpar Emile Guyenot. |
| 260 |
_aParis : _bHerman et Cie., _c1935 ( _fLaval Barneoud) |
||
| 300 |
_a78 p. : _bil. ; _c25 cm. |
||
| 490 | 1 | _aActualités scientifiques et industrielles | |
| 830 | 0 |
_aActualités scientifiques et industrielles _9181441 |
|
| 852 |
_aES-MaACL _j1813-F-14 |
||
| 999 |
_c77014 _d77014 |
||